01128namaa22002411i 450000500170000000800410001704000430005804100180010110000410011924502160016024601080037626400100048430000420049433600220053633700250055833800230058350200420060650400320064865300660068070000420074670000490078870000490083720260701112736.0260701s1995 ua a|||frm||| 000 0 eng d aEG-GICUCbengcEG-GICUCdEG-GICUCerda0 aengbengbara0 aSherif Fahmy Arsanios,epreparation.10aMorphological and histological study of the ligamentum arteriosum in man /cBy Sherif Fahmy Arsanios ; Supervision Prof. Dr. Mahmoud Mohamed Kotb, Dr. Mohamed Emad El-Din Ibrahim, Dr. Heshmat Sabet Wassef Haroun15aدراسة مورفولوجية و هستولوجية للرباط الشرياني في الانسان 0c1995. a132 Leavesbillustrations c30 cm. +  2rda contentatext 2rdamediaaUnmediated 2rdacarrieravolume aThesis (M.Sc.)-Cairo University, 1995 aBibliography: pages 125-132 0aMorphological and histological aligamentum arteriosum in man0 aMahmoud Mohamed Kotbethesis advisor.0 aMohamed Emad El-Din Ibrahimethesis advisor.0 aHeshmat Sabet Wassef Harounethesis advisor.